NHL.com's Quarter-Century Team - Statistics

General Stats
  • This quiz has been taken 10 times
  • The average score is 18 of 25
Answer Stats
Team Position Player % Correct
Pittsburgh Penguins F Sidney Crosby
100%
Washington Capitals F Alex Ovechkin
89%
Edmonton Oilers F Connor McDavid
89%
Pittsburgh Penguins G Marc-Andre Fleury
89%
Chicago Blackhawks F Patrick Kane
89%
Pittsburgh Penguins F Evgeni Malkin
78%
Calgary Flames F Jarome Iginla
78%
Edmonton Oilers F Leon Draisaitl
78%
Colorado Avalanche F Nathan MacKinnon
78%
Boston Bruins F Patrice Bergeron
78%
Tampa Bay Lightning F Steven Stamkos
78%
Boston Bruins D Zdeno Chara
78%
Los Angeles Kings F Anze Kopitar
67%
Montreal Canadiens G Carey Price
67%
Los Angeles Kings D Drew Doughty
67%
Chicago Blackhawks D Duncan Keith
67%
Ottawa Senators D Erik Karlsson
67%
San Jose Sharks F Joe Pavelski
67%
San Jose Sharks F Joe Thornton
67%
New Jersey Devils G Martin Brodeur
67%
Detroit Red Wings D Nicklas Lidstrom
67%
Colorado Avalanche G Patrick Roy
67%
Tampa Bay Lightning D Victor Hedman
67%
San Jose Sharks D Brent Burns
56%
New York Rangers G Henrik Lundqvist
56%
No matching quizzes found
Score Distribution
Percent of People with Each Score
Percentile by Number Answered
Your Score History
You have not taken this quiz